00737naa#a2200169#i#4500001002200000005001700022011001400039100004100053102000700094200020400101210005100305215001000356608002700366675012600393700003400519856001400553EN\INFRA-M\bibl\9589220260516234754.6##a1998-0744##a20250225b2025####ek#y0engy0150####ca##aRU1#aOrganizational and Pedagogical Conditions of In-Service Training As a Factor in the Development of Mathematics Teacher’s Methodological Mobility: Results of Pedagogical DiagnosticseJournal article1#aMoscowcINFRA-M Academic Publishing LLC.d2025##a8 с.##aJournal article2local##aКурсы повышения квалификации дипломированных специалистов. 378.046.4#1aZaharovagViktoriya Fedorovna4#azh-szf.ru